000 00296nam a22001337a 4500
008 181023b xxu||||| |||| 00| 0 eng d
020 _a9780195158335
041 _aeng
080 _a510
100 _a36
101 _aMAT
245 _aLinear Systems and Signals
_cLathi, B.P
942 _2udc
_cBK
999 _c50627
_d50627